| 000 | 00489nam a2200181Ia 4500 | ||
|---|---|---|---|
| 005 | 20250326140538.0 | ||
| 008 | 250326s9999 xx 000 0 und d | ||
| 037 | _aTextbook | ||
| 040 |
_aFMSL _beng _cFMSL |
||
| 041 |
_aeng _2eng |
||
| 084 |
_aX:89ZB.1 P0 _qFMSL |
||
| 100 | _aWorld Bank | ||
| 245 | 0 |
_aWorld Development indicatiors _cWorld Bank |
|
| 260 |
_aU S A _bU S A, World Bank _c2000 |
||
| 300 | _a389p | ||
| 942 |
_cTB _hX:89ZB.1 P0 |
||
| 999 |
_c1286248 _d1286248 |
||